000 00472nam a2200157 4500
001 111323
003 ES-MaACL
005 20230906185301.0
007 t|
008 061121s1955 sp r ||||1| spa d
100 1 _aOlivar Bertrand, R.
_986762
245 1 0 _aCiencia, arte y método históricos en el mundo anglosajón /
_cR. Olivar Bertrand.
260 _aMadrid :
_b[s.n.],
_c1955 (
_fImp. Pueyo)
300 _a16 p. ;
_c25 cm.
852 _aES-MaACL
_j2028-F-1
_bR.47237
999 _c111323
_d111323